Tibet's fate (Record no. 1224782)

MARC details
000 -LEADER
fixed length control field 00578nam a2200217Ia 4500
005 - DATE AND TIME OF LATEST TRANSACTION
control field 20241129104201.0
008 - FIXED-LENGTH DATA ELEMENTS--GENERAL INFORMATION
fixed length control field 241129s9999||||xx |||||||||||||| ||und||
020 ## - INTERNATIONAL STANDARD BOOK NUMBER
International Standard Book Number 9781538173985
037 ## - SOURCE OF ACQUISITION
Stock number Textual
040 ## - CATALOGING SOURCE
Original cataloging agency RTL
Language of cataloging eng
Transcribing agency RTL
041 ## - LANGUAGE CODE
Language code of text/sound track or separate title eng
Source of code eng
084 ## - COLON CLASSIFICATION NUMBER
Classification number Y7498 R3
Assigning agency RTL
100 ## - MAIN ENTRY--PERSONAL NAME
Personal name Smith Warren W.
9 (RLIN) 38195
245 #0 - TITLE STATEMENT
Title Tibet's fate
Statement of responsibility, etc. Smith Warren W.
260 ## - PUBLICATION, DISTRIBUTION, ETC.
Place of publication, distribution, etc. Maryland
Name of publisher, distributor, etc. Rowman and Littlefield
Date of publication, distribution, etc. 2023
300 ## - PHYSICAL DESCRIPTION
Extent v,387p.
365 ## - TRADE PRICE
Price type code INR
Price amount 3030
650 ## - SUBJECT ADDED ENTRY--TOPICAL TERM
Topical term or geographic name entry element Asian Studies
942 ## - ADDED ENTRY ELEMENTS (KOHA)
Koha item type Textbook
Classification part Y7498 R3
Holdings
Withdrawn status Lost status Damaged status Not for loan Home library Current library Date acquired Source of acquisition Cost, normal purchase price Inventory number Total Checkouts Full call number Barcode Date last seen Price effective from Koha item type
        Ratan Tata Library Ratan Tata Library 2024-11-29 Segment Book Distributor 3030.00 65586 & 20/02/2023   Y7498 R3 RT1502718 2024-11-29 2024-11-29 Textbook
Copyright @ Delhi University Library System